Federalismo y regionalismo : (Registro nro. 3842)

Detalles MARC
000 -LEADER
fixed length control field 01637nam a2200277Ia 4500
003 - CONTROL NUMBER IDENTIFIER
control field OSt
005 - DATE AND TIME OF LATEST TRANSACTION
control field 20201112110145.0
008 - FIXED-LENGTH DATA ELEMENTS--GENERAL INFORMATION
fixed length control field 191128s2002 mx gr 000 0 spa d
020 ## - INTERNATIONAL STANDARD BOOK NUMBER
International Standard Book Number 9703200079
040 ## - CATALOGING SOURCE
Original cataloging agency CO-JMCR
Transcribing agency CO-JMCR
041 0# - LANGUAGE CODE
Language code of text/sound track or separate title spa
082 04 - DEWEY DECIMAL CLASSIFICATION NUMBER
Classification number 321.02 /
Item number C749f
Edition number 23
111 2# - MAIN ENTRY--MEETING NAME
Meeting name or jurisdiction name as entry element Congreso Iberoamericano de Derecho Constitucional
Number of part/section/meeting (7mo :
Location of meeting lugar :
Date of meeting or treaty signing fecha)
9 (RLIN) 2458
245 10 - TITLE STATEMENT
Title Federalismo y regionalismo :
Remainder of title memorias /
Statement of responsibility, etc. VII Congreso Iberoamericano de Derecho Constitucional ; coordinador José María Serna de la Garza
250 ## - EDITION STATEMENT
Edition statement Primera edición
260 ## - PUBLICATION, DISTRIBUTION, ETC.
Place of publication, distribution, etc. México :
Name of publisher, distributor, etc. Universidad Nacional Autónoma de México ; Instituto de Investigaciones Jurídicas,
Date of publication, distribution, etc. 2002
300 ## - PHYSICAL DESCRIPTION
Extent xiii, 695 páginas ;
Dimensions 22 cm.
490 0# - SERIES STATEMENT
Series statement Doctrina jurídica ;
Volume/sequential designation 103
505 0# - FORMATTED CONTENTS NOTE
Formatted contents note Sistemas de distribución de atribuciones en los Estados federales -- Propuesta de un nuevo diseño competencial para el federalismo mexicano -- Transición a la democracia, gobernabilidad y federalismo en México -- Actualidad del federalismo argentino
520 3# - SUMMARY, ETC.
Summary, etc. En los ensayos incluidos en este libro, el lector podrá aproximarse a la discusión relativa a los problemas centrales de los estados organizados bajo formas descentralizadas. Los temas abordados son múltiples, como diversos son también los enfoques.
650 14 - SUBJECT ADDED ENTRY--TOPICAL TERM
Topical term or geographic name entry element España regionalismo
9 (RLIN) 2459
Form subdivision congresos, seminarios, etc.
Geographic subdivision América Latina
650 14 - SUBJECT ADDED ENTRY--TOPICAL TERM
Topical term or geographic name entry element Federalismo
Form subdivision congresos, seminarios, etc.
9 (RLIN) 2460
651 #4 - SUBJECT ADDED ENTRY--GEOGRAPHIC NAME
Geographic name América Latina
Form subdivision congresos, seminarios, etc.
General subdivision gobierno federal
9 (RLIN) 12331
700 1# - ADDED ENTRY--PERSONAL NAME
Personal name Serna de la Garza, José María,
Relator term coordinador
9 (RLIN) 2461
942 ## - ADDED ENTRY ELEMENTS (KOHA)
Source of classification or shelving scheme Dewey Decimal Classification
Koha item type Books
Existencias
Withdrawn status Lost status Source of classification or shelving scheme Damaged status Not for loan Collection code Home library Current library Date acquired Source of acquisition Full call number Barcode Date last seen Copy number Koha item type
    Dewey Decimal Classification     Non-fiction Biblioteca Pública José María del Castillo y Rada Biblioteca Pública José María del Castillo y Rada 03/09/2018 Donación 321.02 / C749f 201808334 05/16/2024 Ej.1 Books